000 00356 a2200145 4500
001 155223
040 _cEscola São Tomás de Aquino
100 _aGONZÁLEZ, Vicenta
240 1 0 _aAsi me gusta
_lpor
245 1 0 _aAsi me gusta
300 _a223
362 0 _a2003
697 _aSistemas de escrita, fonologia, fonética da norma espanhola
942 _cBK
999 _c155223
_d155223